5HLuxD.jpg

KING HENRY VIII SENIOR AND PRIMARY SCHOOL LIBRARY OPAC

Roblox top role-playing games / (Record no. 3980)

000 -LEADER
fixed length control field 01181nam a22002537a 4500
005 - DATE AND TIME OF LATEST TRANSACTION
control field 20241127151058.0
008 - FIXED-LENGTH DATA ELEMENTS--GENERAL INFORMATION
fixed length control field 241127b ||||| |||| 00| 0 eng d
020 ## - INTERNATIONAL STANDARD BOOK NUMBER
International Standard Book Number 9781405293037
040 ## - CATALOGING SOURCE
Transcribing agency KH8
082 ## - DEWEY DECIMAL CLASSIFICATION NUMBER
Classification number 794.8 COX
100 ## - MAIN ENTRY--PERSONAL NAME
Personal name Cox, Alexander
Relator term Author
245 ## - TITLE STATEMENT
Title Roblox top role-playing games /
Statement of responsibility, etc. Alexander Cox
260 ## - PUBLICATION, DISTRIBUTION, ETC.
Place of publication, distribution, etc. London,
Name of publisher, distributor, etc. Egmont UK Limited,
Date of publication, distribution, etc. 2019
300 ## - PHYSICAL DESCRIPTION
Extent 96 pages :
Other physical details illustrations ;
Dimensions 22 cm.
440 ## - SERIES STATEMENT/ADDED ENTRY--TITLE
Title Game guide,
Volume/sequential designation 2
520 ## - SUMMARY, ETC.
Summary, etc. A comprehensive guide to the greatest role-playing games available on Roblox. From the smash-hit MeepC ity to the hugely popular Work at a Pizza Place, this exciting book gives you the official scoop on some of the most popular and critically-acclaimed role-playing games on Roblox. Each profile tells you everything you need to know, including a guide to gameplay, interviews with the creators, and tips and tricks to take your skills to the next level
650 ## - SUBJECT ADDED ENTRY--TOPICAL TERM
Topical term or geographic name entry element Fantasy games
650 ## - SUBJECT ADDED ENTRY--TOPICAL TERM
Topical term or geographic name entry element Fantasy games
Form subdivision Juvenile literature
650 ## - SUBJECT ADDED ENTRY--TOPICAL TERM
Topical term or geographic name entry element Juvenile works
700 ## - ADDED ENTRY--PERSONAL NAME
Personal name Alex Wiltshire
Relator term Author
700 ## - ADDED ENTRY--PERSONAL NAME
Personal name Craig Jelley
Relator term Editor
700 ## - ADDED ENTRY--PERSONAL NAME
Personal name John Stuckey
Relator term Illustrator
942 ## - ADDED ENTRY ELEMENTS (KOHA)
Source of classification or shelving scheme
Koha item type Books - Non Ficton
Holdings
Withdrawn status Lost status Source of classification or shelving scheme Damaged status Not for loan Collection code Permanent Location Current Location Shelving location Date acquired Total Checkouts Full call number Barcode Date last seen Date last checked out Price effective from Koha item type
          Non-Fiction KH8 Primary School Library KH8 Primary School Library Non Fiction 2024-11-27 24 794.8 COX KHPL000004677 2026-04-17 2026-04-10 2024-11-27 Books - Non Ficton

Powered By KH8 IT Dept